000
00293nam a22001337a 4500
008
170401b xxu||||| |||| 00| 0 eng d
020
_a
0815120877
041
_a
eng
080
_a
617
100
_a
8
101
_a
SHM
245
_a
OPERATIVE ORTHOPAEDICS
_c
CANALE, S.T
942
_2
udc
_c
BK
999
_c
9377
_d
9377